[Event "59th Rubinstein Memorial"]
[Site "Polanica Zdroj POL"]
[Date "2023.08.19"]
[Round "1.1"]
[White "Janik, Igor"]
[Black "Klimkowski, Jan"]
[WhiteElo "2539"]
[BlackElo "2490"]
[Result "0-1"]
[EventDate "2023.08.19"]
[PlyCount "78"]
1.c4 e5 2.Nc3 Bb4 3.Nd5 a5 4.Nf3 d6 5.a3 Bc5 6.e3 Nd7 7.d4 Ba7 8.Be2 c6 9. Nc3 Ngf6 10.O-O O-O 11.b4 Bb8 12.Rb1 axb4 13.axb4 e4 14.Nd2 d5 15.Qb3 dxc4 16.Nxc4 Nb6 17.Nxb6 Qxb6 18.Rd1 Be6 19.Qc2 Bf5 20.g3 Bd6 21.b5 Rfc8 22.Bd2 Qa7 23.Qb3 Be6 24.Bc4 Bxc4 25.Qxc4 c5 26.d5 Re8 27.b6 Qb8 28.Ra1 Rxa1 29. Rxa1 Qc8 30.Ra7 Nd7 31.Nxe4 Bb8 32.Ra2 Ne5 33.Qa4 Rd8 34.f4 Nf3+ 35.Kg2 Qg4 36.Nf2 Qh5 37.Qd1 Qxd5 38.Ra8 Nxd2+ 39.e4 Qd4 0-1

[Event "59th Rubinstein Memorial"]
[Site "Polanica Zdroj POL"]
[Date "2023.08.19"]
[Round "1.2"]
[White "Kempinski, Robert"]
[Black "Plat, Vojtech"]
[WhiteElo "2556"]
[BlackElo "2486"]
[Result "1/2-1/2"]
[EventDate "2023.08.19"]
[PlyCount "71"]
1.d4 Nf6 2.c4 g6 3.Nc3 d5 4.Nf3 Bg7 5.Bg5 Ne4 6.Bf4 Nxc3 7.bxc3 c5 8.e3 Nc6 9.cxd5 Qxd5 10.Be2 O-O 11.O-O cxd4 12.cxd4 b6 13.Qa4 Bb7 14.Rac1 Rac8 15.Ba6 Qa5 16.Qxa5 Nxa5 17.Bxb7 Nxb7 18.Rfd1 Rfd8 19.Kf1 Na5 20.Ke2 f6 21. e4 g5 22.Rxc8 Rxc8 23.Rc1 Rxc1 24.Bxc1 g4 25.Ne1 e6 26.Kd3 Kf7 27.Ba3 Nc6 28.Nc2 h5 29.Bd6 Ke8 30.d5 Kd7 31.Bf4 Ne7 32.Ne3 b5 33.f3 gxf3 34.gxf3 a5 35.h3 f5 36.Bg5 1/2-1/2

[Event "59th Rubinstein Memorial"]
[Site "Polanica Zdroj POL"]
[Date "2023.08.19"]
[Round "1.3"]
[White "Brodowski, Piotr"]
[Black "Gavrilescu, David"]
[WhiteElo "2442"]
[BlackElo "2526"]
[Result "0-1"]
[EventDate "2023.08.19"]
[PlyCount "76"]
1.d4 Nf6 2.c4 e6 3.Nf3 d5 4.Nc3 Nbd7 5.Bf4 Bb4 6.cxd5 exd5 7.e3 Ne4 8.Qc2 g5 9.Be5 Nxe5 10.Nxe5 Qe7 11.Bb5+ Kf8 12.O-O Nxc3 13.bxc3 Bd6 14.f4 g4 15. e4 c6 16.Bd3 dxe4 17.Bxe4 Kg7 18.Rae1 Qf6 19.f5 h5 20.Bd3 b5 21.Qf2 Rb8 22.Nxc6 Rb7 23.Ne5 Rc7 24.Qd2 a6 25.a4 bxa4 26.c4 Rd8 27.c5 Bf8 28.Qa5 Rb7 29.Qxa4 a5 30.Bb5 Kg8 31.Nc6 Bd7 32.Qxa5 Rc8 33.d5 Bxc5+ 34.Kh1 Bd6 35.Qa6 Rxb5 36.Qxb5 Bxh2 37.Qc5 Bd6 38.Qf2 Bxc6 0-1

[Event "59th Rubinstein Memorial"]
[Site "Polanica Zdroj POL"]
[Date "2023.08.19"]
[Round "1.4"]
[White "Nasuta, Grzegorz"]
[Black "Fedorchuk, Serhii"]
[WhiteElo "2544"]
[BlackElo "2586"]
[Result "1-0"]
[EventDate "2023.08.19"]
[PlyCount "145"]
1.e4 c5 2.Nf3 d6 3.d4 cxd4 4.Nxd4 Nf6 5.Nc3 a6 6.f3 e5 7.Nb3 Be6 8.Be3 Be7 9.Qd2 O-O 10.O-O-O Nbd7 11.g4 Rc8 12.g5 Nh5 13.Kb1 Nb6 14.Rg1 Qc7 15.f4 Nxf4 16.Bxf4 exf4 17.Qxf4 Rfe8 18.h4 Bf8 19.h5 g6 20.h6 Bd7 21.Bd3 Re5 22. Nd4 Be7 23.Nf5 Qd8 24.Nxe7+ Qxe7 25.Rg3 Rcc5 26.Bf1 Bc6 27.a3 Na4 28.Nxa4 Bxa4 29.b3 Bc6 30.b4 Rxe4 31.Qxd6 Qxd6 32.Rxd6 Rd5 33.Rd3 Rde5 34.Kb2 Re1 35.Rd8+ Re8 36.Rxe8+ Rxe8 37.Rd6 Be4 38.Bc4 Kf8 39.Rf6 Re7 40.a4 Rc7 41. Bb3 Bc6 42.c4 Bd7 43.c5 Bc6 44.Ka3 Re7 45.Bc4 Re3+ 46.Kb2 Rf3 47.Rxf3 Bxf3 48.Kc3 Ke7 49.Bd3 Ke6 50.Kd4 f5 51.Bc4+ Ke7 52.Ke5 Bc6 53.Bb3 Kf8 54.Bd1 Ke7 55.Bb3 Kf8 56.Bc2 Kf7 57.Kd4 Ke6 58.Bb3+ Ke7 59.a5 Kf8 60.Ke5 Ke7 61. Ba2 Kf8 62.Be6 Be4 63.Kd6 Bc6 64.Bc4 Ke8 65.Bxa6 bxa6 66.Kxc6 f4 67.b5 f3 68.bxa6 f2 69.a7 f1=Q 70.a8=Q+ Ke7 71.Qb7+ Ke6 72.Qd7+ Ke5 73.Qd5+ 1-0

[Event "59th Rubinstein Memorial"]
[Site "Polanica Zdroj POL"]
[Date "2023.08.19"]
[Round "1.5"]
[White "Bernadskii, Vitalii"]
[Black "Psyk, Radoslaw"]
[WhiteElo "2530"]
[BlackElo "2452"]
[Result "1-0"]
[EventDate "2023.08.19"]
[PlyCount "117"]
1.c4 e6 2.g3 d5 3.Bg2 Nf6 4.Nf3 dxc4 5.Qa4+ Bd7 6.Qxc4 c5 7.O-O Nc6 8.d4 cxd4 9.Nxd4 Rc8 10.Nc3 Nxd4 11.Qxd4 Bc5 12.Qh4 Bc6 13.Rd1 Qb6 14.Bxc6+ Rxc6 15.Bh6 Bf8 16.Rd3 e5 17.Be3 Qa5 18.Rad1 Be7 19.b4 Qc7 20.Nb5 Qb8 21. Bxa7 Qa8 22.Ra3 O-O 23.Bc5 Qe8 24.Nd6 Qd7 25.Rad3 Qe6 26.Nxb7 e4 27.Rd8 Rc8 28.Bxe7 Qxe7 29.Rxc8 Rxc8 30.Nc5 e3 31.f3 Rd8 32.Rd4 Qc7 33.Qf4 Qb6 34.Rxd8+ Qxd8 35.Qxe3 Qd1+ 36.Kg2 h5 37.Nd3 Qc2 38.a3 h4 39.Nf2 hxg3 40. hxg3 Qa2 41.Qd3 Nd5 42.e4 Nf6 43.b5 Qb2 44.a4 g5 45.a5 Qe5 46.f4 gxf4 47. gxf4 Qb2 48.a6 Nh5 49.Qf3 Qg7+ 50.Kh2 Qd4 51.Kg1 Nf6 52.e5 Nd5 53.a7 Qa1+ 54.Qd1 Qa2 55.b6 Ne3 56.b7 Qxa7 57.Qd8+ Kh7 58.b8=Q Qa1+ 59.Nd1 1-0

[Event "59th Rubinstein Memorial"]
[Site "Polanica Zdroj POL"]
[Date "2023.08.20"]
[Round "2.1"]
[White "Klimkowski, Jan"]
[Black "Psyk, Radoslaw"]
[WhiteElo "2490"]
[BlackElo "2452"]
[Result "1/2-1/2"]
[EventDate "2023.08.19"]
[PlyCount "87"]
1.c4 e6 2.Nc3 d5 3.d4 Nf6 4.cxd5 Nxd5 5.e4 Nxc3 6.bxc3 c5 7.a3 cxd4 8.cxd4 e5 9.dxe5 Qxd1+ 10.Kxd1 Nc6 11.f4 Bc5 12.Bc4 Bg4+ 13.Nf3 O-O 14.Ra2 Rfd8+ 15.Kc2 Nd4+ 16.Nxd4 Rxd4 17.Bd5 Be6 18.Rd1 Rxd1 19.Kxd1 Rd8 20.Rd2 Be3 21. Rc2 Bxd5 22.exd5 Rxd5+ 23.Ke2 Rc5 24.Rxc5 Bxc5 25.Kd3 Kf8 26.Kc4 Bg1 27.h3 Ke7 28.Kd5 g6 29.g4 Kd7 30.f5 gxf5 31.gxf5 a6 32.Bd2 Bf2 33.Bb4 Bh4 34.Bc5 Bd8 35.Bd4 Bc7 36.a4 Bd8 37.Bc3 Bc7 38.Bd2 Bd8 39.e6+ fxe6+ 40.fxe6+ Ke8 41.Kd6 b5 42.axb5 axb5 43.Kc5 Bf6 44.Kxb5 1/2-1/2

[Event "59th Rubinstein Memorial"]
[Site "Polanica Zdroj POL"]
[Date "2023.08.20"]
[Round "2.2"]
[White "Fedorchuk, Serhii"]
[Black "Bernadskii, Vitalii"]
[WhiteElo "2586"]
[BlackElo "2530"]
[Result "1/2-1/2"]
[EventDate "2023.08.19"]
[PlyCount "64"]
1.e4 e5 2.Nf3 Nc6 3.Bb5 Nf6 4.O-O Nxe4 5.Re1 Nd6 6.Nxe5 Be7 7.Bf1 Nxe5 8. Rxe5 O-O 9.d4 Bf6 10.Re1 Re8 11.Bf4 Rxe1 12.Qxe1 Ne8 13.c3 d5 14.Bd3 g6 15.Nd2 Ng7 16.Nf3 c6 17.Be5 Bf5 18.Bxf5 Nxf5 19.Bxf6 Qxf6 20.Qe5 Qxe5 21. Nxe5 Re8 22.Kf1 f6 23.Nd3 Kf7 24.Re1 Nd6 25.Rxe8 Kxe8 26.Ke2 Ke7 27.g3 Nc4 28.f3 b6 29.b3 Nd6 30.Nb4 Kd7 31.Nd3 Nb5 32.Kd2 Nd6 1/2-1/2

[Event "59th Rubinstein Memorial"]
[Site "Polanica Zdroj POL"]
[Date "2023.08.20"]
[Round "2.3"]
[White "Gavrilescu, David"]
[Black "Nasuta, Grzegorz"]
[WhiteElo "2526"]
[BlackElo "2544"]
[Result "1/2-1/2"]
[EventDate "2023.08.19"]
[PlyCount "169"]
1.e4 e5 2.Nf3 Nc6 3.Bc4 Nf6 4.d3 Bc5 5.Nc3 O-O 6.O-O d6 7.Na4 Na5 8.Nxc5 Nxc4 9.dxc4 dxc5 10.Nxe5 Qxd1 11.Rxd1 Nxe4 12.Bf4 Nd6 13.b3 g5 14.Bg3 f6 15.Nf3 Rd8 16.Rd5 Be6 17.Rxc5 Ne8 18.Bxc7 Rdc8 19.Nxg5 Nxc7 20.Rxc7 Rxc7 21.Nxe6 Rd7 22.Nf4 Rd2 23.Rc1 Re8 24.g3 Kf7 25.Kg2 Re3 26.c3 Rxa2 27.Rd1 b6 28.Rd7+ Kf8 29.Rxh7 Rxc3 30.h4 Rxb3 31.h5 Rbb2 32.h6 Rxf2+ 33.Kh3 Rh2+ 34.Kg4 Ra1 35.Ng6+ Ke8 36.Re7+ Kd8 37.h7 Rh6 38.Rg7 Rah1 39.Nh4 a5 40.Rg8+ Kc7 41.h8=Q Rxh8 42.Rxh8 Rc1 43.Kf5 Rxc4 44.Kxf6 a4 45.Nf3 Rc3 46.Nd4 Rxg3 47.Ra8 b5 48.Nxb5+ Kc6 49.Nd4+ Kd5 50.Rxa4 Rg1 51.Ne2 Re1 52.Rd4+ Kc5 53. Rd2 Rh1 54.Ke5 Rh5+ 55.Ke4 Rh4+ 56.Nf4 Rg4 57.Rd1 Kc4 58.Rc1+ Kb4 59.Ke5 Kb3 60.Ne2 Rh4 61.Nd4+ Kb4 62.Nc6+ Kb3 63.Kd5 Rh5+ 64.Ne5 Kb4 65.Re1 Rh8 66.Nc6+ Kc3 67.Re3+ Kd2 68.Ra3 Rg8 69.Rh3 Rf8 70.Ke4 Re8+ 71.Kd4 Ke2 72. Rh2+ Kf3 73.Ne5+ Kg3 74.Rh7 Ra8 75.Rg7+ Kf4 76.Rf7+ Kg5 77.Ke4 Ra4+ 78.Kf3 Ra3+ 79.Kf2 Ra4 80.Kg3 Rb4 81.Kh3 Rh4+ 82.Kg3 Rb4 83.Nf3+ Kg6 84.Rf4 Rxf4 85.Kxf4 1/2-1/2

[Event "59th Rubinstein Memorial"]
[Site "Polanica Zdroj POL"]
[Date "2023.08.20"]
[Round "2.5"]
[White "Janik, Igor"]
[Black "Kempinski, Robert"]
[WhiteElo "2539"]
[BlackElo "2556"]
[Result "1/2-1/2"]
[EventDate "2023.08.19"]
[PlyCount "62"]
1.d4 Nf6 2.c4 e6 3.Nf3 d5 4.Nc3 dxc4 5.e3 a6 6.a4 c5 7.Bxc4 Nc6 8.O-O Be7 9.Qe2 cxd4 10.Rd1 e5 11.exd4 exd4 12.Nxd4 Nxd4 13.Qe5 Qd6 14.Qxd6 Bxd6 15. Rxd4 Be5 16.Rd1 O-O 17.Re1 Re8 18.Bd2 Be6 19.Rxe5 Bxc4 20.Rxe8+ Rxe8 21. Re1 Rxe1+ 22.Bxe1 Kf8 23.f3 h6 24.Ne4 Nxe4 25.fxe4 Bd3 26.Bb4+ Ke8 27.e5 h5 28.Kf2 Be4 29.g3 Bc6 30.a5 Kd7 31.Ke3 Ke6 1/2-1/2

[Event "59th Rubinstein Memorial"]
[Site "Polanica Zdroj POL"]
[Date "2023.08.21"]
[Round "3.1"]
[White "Kempinski, Robert"]
[Black "Klimkowski, Jan"]
[WhiteElo "2556"]
[BlackElo "2490"]
[Result "1-0"]
[EventDate "2023.08.19"]
[PlyCount "135"]
1.Nf3 d5 2.e3 Nf6 3.c4 e6 4.Nc3 Be7 5.b3 O-O 6.Bb2 c5 7.cxd5 exd5 8.d4 Bg4 9.Be2 Bxf3 10.Bxf3 cxd4 11.Qxd4 Nc6 12.Qd1 Qa5 13.a3 Rad8 14.b4 Qc7 15.O-O Ne5 16.Rc1 Qd7 17.Qe2 a6 18.Rfd1 Qe6 19.b5 a5 20.h3 h6 21.Rc2 Nxf3+ 22. Qxf3 Ne4 23.Ne2 Bd6 24.Qg4 Qxg4 25.hxg4 Rc8 26.Rdc1 Rxc2 27.Rxc2 Bc5 28. Nc3 Nxc3 29.Bxc3 Bxa3 30.Bxa5 Ra8 31.Bc7 Bb4 32.Be5 f6 33.Bd4 Bd6 34.f4 Kf7 35.Kf2 Ke6 36.Kf3 Kd7 37.b6 Re8 38.Rc1 Re4 39.Rd1 Re8 40.Kg3 Re4 41. Kh3 Ke6 42.g3 Kd7 43.Rd3 Re8 44.Rd2 Ra8 45.Rc2 Ke6 46.Kh4 Kf7 47.Rf2 Be7 48.Rb2 Ra1 49.Kh3 Ra8 50.Rb5 Rd8 51.Ra5 Ke6 52.Kh4 Kf7 53.Ra7 Rd7 54.Kh5 Bf8 55.Ra8 g6+ 56.Kh4 Be7 57.Rh8 f5+ 58.Kh3 fxg4+ 59.Kxg4 h5+ 60.Kf3 Bd8 61.Rh6 Be7 62.Rh7+ Ke8 63.Rg7 g5 64.fxg5 Bd8 65.Rxd7 Kxd7 66.Kf4 Ke6 67. Bc5 Kf7 68.Kf5 1-0

[Event "59th Rubinstein Memorial"]
[Site "Polanica Zdroj POL"]
[Date "2023.08.21"]
[Round "3.2"]
[White "Brodowski, Piotr"]
[Black "Janik, Igor"]
[WhiteElo "2442"]
[BlackElo "2539"]
[Result "1-0"]
[EventDate "2023.08.19"]
[PlyCount "87"]
1.d4 Nf6 2.c4 e6 3.Nf3 b6 4.g3 Ba6 5.b3 Bb4+ 6.Bd2 Be7 7.Nc3 d5 8.cxd5 exd5 9.Bg2 O-O 10.O-O Re8 11.Ne5 Bb7 12.Qc2 Nbd7 13.Rad1 h6 14.Qf5 Nf8 15. e4 c6 16.Rfe1 Qc8 17.Qf3 Ne6 18.exd5 cxd5 19.Rc1 Qd8 20.Qd3 Rc8 21.Nxf7 Kxf7 22.Rxe6 Ba3 23.Rxe8 Qxe8 24.Re1 Qd7 25.Ne2 Bd6 26.Nf4 Bxf4 27.Bxf4 Ne4 28.f3 Rc3 29.Qf1 Ng5 30.h4 Ne6 31.Bh3 Rc6 32.Be5 Qe7 33.Qd3 Kg8 34.f4 Qb4 35.Rf1 Nf8 36.f5 Qe7 37.Bg2 Qf7 38.Qf3 Rc2 39.f6 g6 40.Qe3 h5 41.Bd6 Ba6 42.Re1 Bc8 43.Bxf8 Kxf8 44.Qh6+ 1-0

[Event "59th Rubinstein Memorial"]
[Site "Polanica Zdroj POL"]
[Date "2023.08.21"]
[Round "3.3"]
[White "Nasuta, Grzegorz"]
[Black "Plat, Vojtech"]
[WhiteElo "2544"]
[BlackElo "2486"]
[Result "1-0"]
[EventDate "2023.08.19"]
[PlyCount "111"]
1.e4 e5 2.Nf3 d6 3.d4 exd4 4.Nxd4 Nf6 5.Nc3 Be7 6.Bf4 O-O 7.Qd2 Nc6 8. O-O-O Nxd4 9.Qxd4 Be6 10.f3 Nd7 11.Qd2 Ne5 12.Bg3 Bg5 13.f4 Bh6 14.Kb1 f5 15.Qe1 Ng6 16.e5 d5 17.Qf2 c6 18.h4 Qb6 19.Rd4 Ne7 20.Na4 Qc7 21.Rd1 b6 22.h5 c5 23.Bh4 d4 24.Bxe7 Qxe7 25.b3 Rab8 26.c4 a6 27.g3 b5 28.Nb2 Qf7 29.Rc1 Rfc8 30.Bd3 Bd7 31.Rh2 Rb6 32.Qe2 b4 33.Rf1 Rf8 34.Qc2 Kh8 35.Be2 a5 36.Qd3 Rfb8 37.Bd1 Qe8 38.Bc2 Qg8 39.Ka1 g5 40.hxg6 Rxg6 41.g4 Rf8 42. g5 Bg7 43.Rfh1 Rf7 44.Rxh7+ Qxh7 45.Rxh7+ Kxh7 46.Qh3+ Kg8 47.Qh5 Rc6 48. g6 Re7 49.Bxf5 Bxf5 50.Qxf5 Ree6 51.Qf7+ Kh8 52.f5 Rxe5 53.Nd3 Rf6 54.Nxe5 Rxf7 55.gxf7 Bf8 56.f6 1-0

[Event "59th Rubinstein Memorial"]
[Site "Polanica Zdroj POL"]
[Date "2023.08.21"]
[Round "3.4"]
[White "Bernadskii, Vitalii"]
[Black "Gavrilescu, David"]
[WhiteElo "2530"]
[BlackElo "2526"]
[Result "1-0"]
[EventDate "2023.08.19"]
[PlyCount "135"]
1.Nf3 d5 2.g3 Nf6 3.Bg2 e6 4.O-O Be7 5.c4 O-O 6.d3 c5 7.Ne5 Nbd7 8.Nxd7 Bxd7 9.e4 dxe4 10.dxe4 Bc6 11.Qe2 Nd7 12.f4 Qc7 13.Nc3 Rad8 14.Be3 Bf6 15. e5 Bxg2 16.Qxg2 Be7 17.Qe4 a6 18.Rae1 Rde8 19.Qg2 f5 20.exf6 Nxf6 21.Bc1 Qd7 22.Rd1 Qc8 23.b3 Bd8 24.Bb2 e5 25.fxe5 Rxe5 26.Ne4 Rxe4 27.Bxf6 Ree8 28.Qd5+ Kh8 29.Be5 Bf6 30.Bxf6 Rxf6 31.Rxf6 gxf6 32.Qf3 Kg7 33.Rd6 Re6 34. Qg4+ Kf7 35.Kf2 Ke7 36.Rd5 Kf8 37.Qf5 Qe8 38.Qd3 Kg7 39.Rxc5 Re7 40.Rd5 Qc6 41.Rh5 Re4 42.Qd2 Re7 43.Qh6+ Kg8 44.Rd5 Re8 45.Qd2 Qe6 46.Rd4 Re7 47. Kg2 b5 48.cxb5 axb5 49.Qh6 Re8 50.Qf4 Kf7 51.Rd2 Kg7 52.Qf3 Re7 53.Rf2 b4 54.Rc2 Qd7 55.Rc4 Re5 56.Qg4+ Qxg4 57.Rxg4+ Kf7 58.Rxb4 Re2+ 59.Kf1 Rxa2 60.Rh4 Kg6 61.Ke1 h5 62.Kd1 Kg5 63.Kc1 f5 64.b4 Rg2 65.b5 f4 66.Rxf4 Rxh2 67.b6 h4 68.Rxh4 1-0

[Event "59th Rubinstein Memorial"]
[Site "Polanica Zdroj POL"]
[Date "2023.08.21"]
[Round "3.5"]
[White "Psyk, Radoslaw"]
[Black "Fedorchuk, Serhii"]
[WhiteElo "2452"]
[BlackElo "2586"]
[Result "1-0"]
[EventDate "2023.08.19"]
[PlyCount "66"]
1.e4 c5 2.c3 d5 3.exd5 Qxd5 4.d4 Nf6 5.Nf3 e6 6.Na3 Qd8 7.Nc4 Nc6 8.Be3 Nd5 9.Bd3 Be7 10.dxc5 Nxe3 11.fxe3 Bxc5 12.Nd4 Qh4+ 13.g3 Qg5 14.Nxc6 bxc6 15.Qf3 O-O 16.h4 Qe7 17.O-O-O a5 18.Rhf1 a4 19.Ne5 f5 20.Bc4 a3 21.g4 axb2+ 22.Kb1 Kh8 23.h5 Qf6 24.Qg3 Qg5 25.Rf4 Ra3 26.Bb3 Ra7 27.Qh2 Bxe3 28.Rf3 f4 29.Ng6+ Kg8 30.Nxf8 Qxg4 31.Rd8 Kf7 32.Qh3 Qg1+ 33.Rf1 Kg8 1-0

[Event "59th Rubinstein Memorial"]
[Site "Polanica Zdroj POL"]
[Date "2023.08.22"]
[Round "4.1"]
[White "Klimkowski, Jan"]
[Black "Fedorchuk, Serhii"]
[WhiteElo "2490"]
[BlackElo "2586"]
[Result "1/2-1/2"]
[EventDate "2023.08.19"]
[PlyCount "65"]
1.e4 c5 2.Nf3 e6 3.d4 cxd4 4.Nxd4 Nc6 5.Nc3 Qc7 6.Be3 a6 7.Qd2 Nf6 8.O-O-O Be7 9.f3 b5 10.g4 Bb7 11.g5 Nh5 12.Nf5 exf5 13.Nd5 Qd6 14.Qf2 Rc8 15.Nf6+ gxf6 16.Rxd6 Bxd6 17.exf5 fxg5 18.Bxg5 Rg8 19.Bh6 Nf6 20.Rg1 Ne7 21.Rxg8+ Nfxg8 22.Bd2 Nxf5 23.Qa7 Bc6 24.Bd3 Nge7 25.f4 h6 26.a3 Ra8 27.Qg1 Bd5 28. Kb1 Kf8 29.Bc3 Be6 30.Be4 Bd5 31.Bd3 Be6 32.Be4 Bd5 33.Bd3 1/2-1/2

[Event "59th Rubinstein Memorial"]
[Site "Polanica Zdroj POL"]
[Date "2023.08.22"]
[Round "4.2"]
[White "Gavrilescu, David"]
[Black "Psyk, Radoslaw"]
[WhiteElo "2526"]
[BlackElo "2452"]
[Result "1-0"]
[EventDate "2023.08.19"]
[PlyCount "137"]
1.e4 e6 2.d4 d5 3.e5 c5 4.c3 Nc6 5.Nf3 Qb6 6.Be2 cxd4 7.cxd4 Nh6 8.Bxh6 Qxb2 9.Nbd2 gxh6 10.O-O Bd7 11.Nb3 b6 12.Ne1 Qa3 13.f4 Qa4 14.Nc2 Na5 15. f5 O-O-O 16.Bh5 Be8 17.Nxa5 Qxa5 18.Ne3 Kb8 19.Ng4 Ba4 20.Qf3 Qd2 21.Qf4 Bb4 22.Bxf7 Qxf4 23.Rxf4 Bd2 24.Rf3 exf5 25.Nf6 f4 26.e6 Rd6 27.g3 fxg3 28.hxg3 Bg5 29.Ng8 Kc7 30.e7 Rxg8 31.Bxg8 Bxe7 32.Rf7 Kd8 33.Re1 Bf6 34. Rxa7 Bxd4+ 35.Kh2 Bc6 36.Rxh7 Rg6 37.Rd1 Be5 38.Bxd5 Bxg3+ 39.Kh3 Bxd5 40. Rxd5+ Kc8 41.Rdd7 Bd6 42.Ra7 Rg8 43.Ra8+ Bb8 44.Kh4 b5 45.Kh5 Rf8 46.Kg6 Rd8 47.Kf5 h5 48.Ra6 Rd5+ 49.Ke4 Rc5 50.Ra8 Re5+ 51.Kd4 Re8 52.Kc5 Rg8 53. Kxb5 Rg5+ 54.Kc4 Rg4+ 55.Kd3 Rg3+ 56.Ke4 Rg4+ 57.Kf5 Rb4 58.a4 Rb7 59.Rh8+ Kc7 60.a5 Rb5+ 61.Kg6 h4 62.a6 h3 63.a7 Bxa7 64.Rxa7+ Kb6 65.Rb8+ Kxa7 66. Rxb5 h2 67.Rh5 h1=N 68.Rh7+ Kb6 69.Rxh1 1-0

[Event "59th Rubinstein Memorial"]
[Site "Polanica Zdroj POL"]
[Date "2023.08.22"]
[Round "4.4"]
[White "Janik, Igor"]
[Black "Nasuta, Grzegorz"]
[WhiteElo "2539"]
[BlackElo "2544"]
[Result "1/2-1/2"]
[EventDate "2023.08.19"]
[PlyCount "64"]
1.c4 c6 2.d4 d5 3.cxd5 cxd5 4.Bf4 Nc6 5.e3 Nf6 6.Nc3 Bg4 7.f3 Bd7 8.g4 e6 9.Bd3 Be7 10.Nge2 O-O 11.a3 Ne8 12.Qc2 h6 13.Bg3 Bh4 14.O-O Rc8 15.Nf4 Bxg3 16.hxg3 e5 17.dxe5 Nxe5 18.Rad1 Nf6 19.Qb3 Qc7 20.Ncxd5 Nxd5 21.Nxd5 Be6 22.Be4 Rfd8 23.Rf2 Qc5 24.Rfd2 Kf8 25.Rc2 Bxd5 26.Rxc5 Nxf3+ 27.Bxf3 Bxb3 28.Rxd8+ Rxd8 29.Rb5 Bd1 30.Bxb7 Rb8 31.Bc6 Rxb5 32.Bxb5 Bxg4 1/2-1/2

[Event "59th Rubinstein Memorial"]
[Site "Polanica Zdroj POL"]
[Date "2023.08.22"]
[Round "4.5"]
[White "Kempinski, Robert"]
[Black "Brodowski, Piotr"]
[WhiteElo "2556"]
[BlackElo "2442"]
[Result "1/2-1/2"]
[EventDate "2023.08.19"]
[PlyCount "97"]
1.e4 e6 2.d4 d5 3.e5 c5 4.c3 Nc6 5.Nf3 Qb6 6.Bd3 cxd4 7.O-O Bd7 8.Re1 Nge7 9.h4 h6 10.h5 dxc3 11.Nxc3 a6 12.a3 Qc7 13.Bf4 g5 14.Bh2 g4 15.Nd2 Rg8 16. Nf1 Bg7 17.Rc1 Qb6 18.b4 Qd4 19.Ne2 Qb6 20.Nc3 Qd4 21.Ne2 Qa7 22.Nc3 Rc8 23.Nd2 Bh8 24.b5 g3 25.Bxg3 Rxg3 26.bxc6 Rxd3 27.cxd7+ Kxd7 28.Qa4+ Rc6 29.Nf3 Qc5 30.Ne2 Qxa3 31.Qf4 Nf5 32.Rxc6 bxc6 33.Ng3 Qc3 34.Rc1 Rxf3 35. gxf3 Bxe5 36.Rxc3 Bxf4 37.Nxf5 exf5 38.Ra3 Kd6 39.Rxa6 d4 40.Kf1 Kd5 41. Ke2 Bg5 42.Ra7 f6 43.Kd3 c5 44.Rd7+ Ke5 45.Rc7 Kd6 46.Rc8 Kd5 47.Rd8+ Ke5 48.Rc8 Kd5 49.Rd8+ 1/2-1/2

[Event "59th Rubinstein Memorial"]
[Site "Polanica Zdroj POL"]
[Date "2023.08.23"]
[Round "5.1"]
[White "Brodowski, Piotr"]
[Black "Klimkowski, Jan"]
[WhiteElo "2442"]
[BlackElo "2490"]
[Result "1-0"]
[EventDate "2023.08.19"]
[PlyCount "85"]
1.Nf3 d5 2.c4 d4 3.e3 Nc6 4.exd4 Nxd4 5.Nxd4 Qxd4 6.Nc3 c6 7.d3 Nh6 8.Be2 Nf5 9.g4 Nh4 10.Rg1 e5 11.Be3 Qd8 12.d4 Bb4 13.dxe5 Qa5 14.f4 h5 15.h3 hxg4 16.hxg4 g5 17.Qd4 gxf4 18.e6 O-O 19.Rh1 Qg5 20.Bf2 Rd8 21.exf7+ Kxf7 22.Qe4 f3 23.Qh7+ Qg7 24.Rxh4 fxe2 25.Qxg7+ Kxg7 26.Kxe2 Re8+ 27.Kd3 Be7 28.Rh5 Be6 29.Bd4+ Kg6 30.Rah1 Bg5 31.Rh7 Re7 32.Ne4 Rxh7 33.Rxh7 Bxc4+ 34.Kxc4 Kxh7 35.Nxg5+ Kg6 36.Nf3 Kf7 37.g5 Ke6 38.g6 b6 39.g7 c5 40.Bc3 a6 41.Ng5+ Ke7 42.Ne4 Kf7 43.Kd5 1-0

[Event "59th Rubinstein Memorial"]
[Site "Polanica Zdroj POL"]
[Date "2023.08.23"]
[Round "5.2"]
[White "Nasuta, Grzegorz"]
[Black "Kempinski, Robert"]
[WhiteElo "2544"]
[BlackElo "2556"]
[Result "1/2-1/2"]
[EventDate "2023.08.19"]
[PlyCount "64"]
1.e4 c5 2.Nf3 Nc6 3.d4 cxd4 4.Nxd4 e5 5.Nb5 d6 6.N1c3 a6 7.Na3 Be7 8.Nc4 b5 9.Ne3 Nf6 10.g3 O-O 11.Bg2 b4 12.Ncd5 Nxd5 13.Nxd5 Bg5 14.Bxg5 Qxg5 15. O-O Rb8 16.Qd3 a5 17.a3 Be6 18.axb4 Nxb4 19.Nxb4 Rxb4 20.Rxa5 Rxb2 21.Qxd6 Rxc2 22.Rxe5 Qd2 23.Qxd2 Rxd2 24.Ra5 g6 25.Raa1 Rb8 26.Rfd1 Rc2 27.Rac1 Ra2 28.Rb1 Rc8 29.Rdc1 Rd8 30.Ra1 Rb2 31.Rab1 Ra2 32.Ra1 Rb2 1/2-1/2

[Event "59th Rubinstein Memorial"]
[Site "Polanica Zdroj POL"]
[Date "2023.08.23"]
[Round "5.3"]
[White "Bernadskii, Vitalii"]
[Black "Janik, Igor"]
[WhiteElo "2530"]
[BlackElo "2539"]
[Result "0-1"]
[EventDate "2023.08.19"]
[PlyCount "110"]
1.d4 Nf6 2.c4 e6 3.Nf3 Bb4+ 4.Bd2 Qe7 5.g3 Bxd2+ 6.Nbxd2 d6 7.Bg2 O-O 8. O-O e5 9.e4 a5 10.h3 c5 11.d5 a4 12.Qe2 Bd7 13.Ne1 Ne8 14.f4 f6 15.Nc2 Na6 16.Ne3 g6 17.h4 exf4 18.gxf4 Ng7 19.Rae1 Rae8 20.Nd1 Nb4 21.Nc3 Nh5 22.Qf3 Nc2 23.Rc1 Nd4 24.Qf2 f5 25.Rce1 fxe4 26.Rxe4 Qd8 27.Rxe8 Bxe8 28.Nde4 Rxf4 29.Qe1 Rxf1+ 30.Qxf1 Qe7 31.Qc1 Bd7 32.Qg5 Kf7 33.Kf2 Ke8 34.Qxe7+ Kxe7 35.Bf1 Nf6 36.Nxf6 Kxf6 37.Ne4+ Ke7 38.Nc3 h6 39.Bd3 Kf6 40.a3 Be8 41.Bf1 Ke5 42.Bh3 Nb3 43.Ke3 Na5 44.Bf1 Nb3 45.Bh3 Nd4 46.Bc8 b5 47.Kd3 bxc4+ 48.Kxc4 g5 49.hxg5 hxg5 50.Bg4 Kf4 51.Bd1 g4 52.Bxg4 Kxg4 53.Ne4 Bb5+ 54.Kc3 Nf5 55.b4 axb3 0-1

[Event "59th Rubinstein Memorial"]
[Site "Polanica Zdroj POL"]
[Date "2023.08.23"]
[Round "5.4"]
[White "Psyk, Radoslaw"]
[Black "Plat, Vojtech"]
[WhiteElo "2452"]
[BlackElo "2486"]
[Result "1-0"]
[EventDate "2023.08.19"]
[PlyCount "81"]
1.e4 c5 2.Nf3 Nc6 3.c3 Nf6 4.e5 Nd5 5.Bc4 Nb6 6.Bb3 c4 7.Bc2 d6 8.exd6 e5 9.a4 Bxd6 10.a5 Nd5 11.d3 cxd3 12.Qxd3 Nf6 13.Nbd2 Bc7 14.Qxd8+ Bxd8 15. Nc4 Bc7 16.Ba4 Bd7 17.Be3 O-O 18.O-O e4 19.Nd4 Nxd4 20.Bxd4 Bxa4 21.Rxa4 Nd5 22.Ne3 Rfd8 23.a6 b5 24.Nxd5 Rxd5 25.Raa1 f5 26.f3 exf3 27.Rxf3 b4 28. Bf2 Rd2 29.cxb4 Rxb2 30.Bc5 Bb6 31.Bxb6 axb6 32.Rxf5 Rxb4 33.Rd5 b5 34.a7 h6 35.Rd6 Rf4 36.Rb6 Rff8 37.Rxb5 Kh7 38.Rb7 Rfe8 39.h3 Rf8 40.Kh2 Rfe8 41.Ra3 1-0

[Event "59th Rubinstein Memorial"]
[Site "Polanica Zdroj POL"]
[Date "2023.08.23"]
[Round "5.5"]
[White "Fedorchuk, Serhii"]
[Black "Gavrilescu, David"]
[WhiteElo "2586"]
[BlackElo "2526"]
[Result "1/2-1/2"]
[EventDate "2023.08.19"]
[PlyCount "97"]
1.e4 c5 2.Nf3 e6 3.d4 cxd4 4.Nxd4 Nf6 5.Nc3 Nc6 6.a3 Be7 7.Be3 d6 8.Bc4 O-O 9.Ba2 Nxd4 10.Bxd4 b5 11.Qd3 Bd7 12.O-O a5 13.Nxb5 Nxe4 14.a4 Bc6 15. Rad1 Qd7 16.Rfe1 Qb7 17.c4 e5 18.f3 Ng5 19.Be3 Rad8 20.Qc3 Ne6 21.Bb1 Qa8 22.Bc2 Rd7 23.Bb6 d5 24.cxd5 Bxd5 25.Qxe5 Qc6 26.Bf2 Qxc2 27.Rxd5 Rxd5 28. Qxd5 Qxa4 29.Nc3 Qb4 30.Qb5 Qxb5 31.Nxb5 Rb8 32.Nd4 Rxb2 33.Nc6 Bb4 34.Ra1 h5 35.h4 Bc3 36.Ra3 Bb4 37.Ra1 Bc3 38.Ra3 Rb1+ 39.Kh2 Bb4 40.Ra2 Bd6+ 41. g3 g5 42.hxg5 h4 43.Nxa5 Nxg5 44.Kg2 hxg3 45.Bxg3 Bxg3 46.Kxg3 Rg1+ 47.Rg2 Nxf3 48.Kxf3+ Rxg2 49.Kxg2 1/2-1/2

[Event "59th Rubinstein Memorial"]
[Site "Polanica Zdroj POL"]
[Date "2023.08.24"]
[Round "6.1"]
[White "Klimkowski, Jan"]
[Black "Gavrilescu, David"]
[WhiteElo "2490"]
[BlackElo "2526"]
[Result "1-0"]
[EventDate "2023.08.19"]
[PlyCount "115"]
1.c4 e6 2.Nc3 d5 3.d4 Nf6 4.cxd5 exd5 5.Bg5 Bb4 6.e3 h6 7.Bh4 g5 8.Bg3 h5 9.h4 Ne4 10.Ne2 Bg4 11.Qb3 Nxg3 12.Nxg3 Nc6 13.hxg5 Qxg5 14.a3 Bxc3+ 15. bxc3 O-O-O 16.Rb1 b6 17.Qa4 Rh6 18.Bb5 Kb7 19.c4 h4 20.cxd5 Qxd5 21.Rc1 Rdd6 22.Ne2 h3 23.f3 Bd7 24.Qc4 Qg5 25.gxh3 Qxe3 26.d5 Nb8 27.Qxc7+ Ka8 28.Bxd7 Rxd7 29.Qf4 Qxf4 30.Nxf4 Rh4 31.Ng2 Rh5 32.Ne3 Na6 33.Ke2 Nc7 34. Rcd1 Kb7 35.h4 f5 36.f4 Rdh7 37.Kf3 Ne8 38.Rdg1 b5 39.Rg6 Kc7 40.Ng2 R5h6 41.Rc1+ Kd7 42.Rgc6 Rxc6 43.Rxc6 Nc7 44.Rf6 Nxd5 45.Rxf5 Kc6 46.h5 a5 47. Ne3 Nxe3 48.Kxe3 Rb7 49.h6 b4 50.Rh5 Rh7 51.a4 Kd7 52.Kd4 Kc7 53.Kc4 Kd7 54.Kd4 Kc7 55.Ke4 Re7+ 56.Kf5 Rf7+ 57.Kg5 b3 58.Rh2 1-0

[Event "59th Rubinstein Memorial"]
[Site "Polanica Zdroj POL"]
[Date "2023.08.24"]
[Round "6.2"]
[White "Plat, Vojtech"]
[Black "Fedorchuk, Serhii"]
[WhiteElo "2486"]
[BlackElo "2586"]
[Result "1/2-1/2"]
[EventDate "2023.08.19"]
[PlyCount "61"]
1.e4 e5 2.Nf3 Nc6 3.Bb5 Nf6 4.O-O Nxe4 5.Re1 Nd6 6.Nxe5 Be7 7.Bf1 Nxe5 8. Rxe5 O-O 9.d4 Bf6 10.Re1 Re8 11.c3 Rxe1 12.Qxe1 Ne8 13.Bd3 d5 14.Bf4 g6 15.Nd2 Ng7 16.Be5 Bf5 17.Bxf5 Nxf5 18.Nf3 c6 19.Bxf6 Qxf6 20.Qe5 Qxe5 21. Nxe5 Re8 22.Kf1 f6 23.Nd3 Kf7 24.Re1 Rxe1+ 25.Kxe1 Nh4 26.Kf1 Nf5 27.Ke2 Nd6 28.f3 Nc4 29.b3 Nd6 30.a4 a5 31.Ke3 1/2-1/2